| 000 | 00997cab a2200313 4500 | ||
|---|---|---|---|
| 001 | WB3124-08 | ||
| 008 | 090401t1995 xxu||||| |||| 00| 0 eng d | ||
| 035 | _a(Sirsi) u9240 | ||
| 041 | _aeng | ||
| 245 | _aGlaxo Wellcome quits West End | ||
| 260 | _c1995 | ||
| 350 | _a0 | ||
| 490 |
_aFinancial Times _v23 June 1995, 13(1) |
||
| 520 | _aGlaxo is the latest company to move out of central London. This decentralisation trend has contributed to slow growth in the area. | ||
| 650 | _aCORPORATE HEADQUARTERS | ||
| 650 | _aFINANCIAL SECTOR | ||
| 650 | _aGLAXO WELLCOME | ||
| 650 | _aGOVERNMENT OFFICES | ||
| 650 | _aHEADQUARTERS BUILDINGS | ||
| 650 | _aMARKETING SECTOR | ||
| 650 | _aPROPERTY-COMMERCIAL PROPERTY-OFFICE PROPERTY-OFFICE PROPERTY MARKET | ||
| 650 | _aOFFICE SPACE | ||
| 650 | _aSUPPLY AND DEMAND | ||
| 650 | _aVICTORIA | ||
| 650 | _aWEST END OF LONDON | ||
| 690 | _aPROPERTY-COMMERCIAL PROPERTY-COMMERCIAL PROPERTY MARKET | ||
| 942 | _n0 | ||
| 948 | _c04/03/1997 | ||
| 999 |
_c5736 _d5736 |
||